00620nam a22001937a 4500003000500000005001700005008004100022010001000063011001000073035001000083040000900093082001800102110012200120245005800242260006700300300001000367650002400377650002500401CHAP20220329134645.0971013s1960 r 00010 d a23743 a24715 a28814 cCHAP a634.92587bC6 aComisión Forestal Latinoamericana sobre Aspectos de Política y Desarrollo de Programas Forestales.d7a. Reunión aInforme que presenta Venezuela a la VII reunión ... aCaracas :bDirección de Recursos Naturales Renovables,c1960 a18 p.14aBosquesxVenezuela.14aPolítica forestal.